Statistics for Europa League Most Efficient Goalkeeper Per Year

Click here to take the quiz!

General Stats

  • This quiz has been taken 83 times
    (29 since last reset)
  • The average score is 6 of 14

Answer Stats

SeasonGoalkeeperTeamSave%% Correct
2017-18Jan OblakAtletico Madrid91.7
100%
2018-19Samir HandanovićInter Milan93.8
84%
2012-13Hugo LlorisTottenham Hotspur87.5
80%
2016-17Sergio RomeroManchester United88.6
80%
2010-11Pepe ReinaLiverpool83.3
72%
2011-12Thibaut CourtoisAtletico Madrid83.6
72%
2021-22Fernando MusleraGalatsaray86.4
68%
2020-21Milan BorjanRed Star85.7
12%
2019-20Jonas OmlinBasel90.0
8%
2013-14Artur MoraesBenfica93.3
4%
2009-10Eddie GustafssonRB Salzburg84.4
4%
2014-15Mathew RyanClub Brugge86.7
4%
2015-16Sergey RyzhikovRubin Kazan83.8
4%
2022-23Shakhruddin MagomedaliyevQarabağ88.5
4%

Score Distribution

Percentile by Number Answered

Percent of People with Each Score

Your Score History

You have not taken this quiz since the last reset